| 000 | 01067nam#a22003015a#4500 | ||
|---|---|---|---|
| 001 | 1908 | ||
| 008 | 111129s2011####ag#f###f######001#0#spa#d | ||
| 245 | 1 | 0 |
_aContribución de los ANR PROSAP al encadenamiento de los sistemas de agronegocios : _bcuatro casos de estudio / _cJuan José Almirón, Alfredo Verasay y Sebastián Ignacio Senesi ; corregido por Diana Ardissone ; prólogo a cargo de Alberto Vicente Verasay. |
| 250 | _a1ª ed. | ||
| 260 |
_aBuenos Aires : _bPROSAP, _c2011. |
||
| 300 |
_a118 p. : _bfot. col., grafs., mapas ; _c30 cm. |
||
| 020 | _a9789872560454 | ||
| 100 | 1 | _aAlmirón, Juan José. | |
| 700 | 1 | _aVerasay, Alfredo. | |
| 700 | 1 | _aSenesi, Sebastián Ignacio. | |
| 700 | 1 |
_aArdissone, Diana, _ecorrector. _4pfr |
|
| 700 | 1 |
_aVerasay, Alberto Vicente, _eprologuista. _4aui |
|
| 080 | _a330.322:631/636 | ||
| 084 | _aA41 | ||
| 653 | _aInversiones | ||
| 653 | _aSistemas agropecuarios | ||
| 653 | _aAgronegocios | ||
| 653 | _aAgroalimentos | ||
| 040 |
_aAR-ClEAG _cAR-ClEAG |
||
| 005 | 20241107184726.0 | ||
| 003 | AR-ClEAG | ||
| 942 | _cBK | ||
| 999 |
_c1908 _d1908 |
||
| 980 |
_62 _aEvangelina Gallicchio _82 _gEvangelina Gallicchio |
||